Memorandum To Parliament On The African Charter On The Values And Principles Of Public Service And Administration Submitted By Hon. Alhassan Azong (MP),Minister Of State At The Presidency Responsible For Public Sector Reform Secretariat,2015 (Record no. 3106)
[ view plain ]
| 000 -LEADER | |
|---|---|
| fixed length control field | 00807nam a2200145Ia 4500 |
| 008 - FIXED-LENGTH DATA ELEMENTS--GENERAL INFORMATION | |
| fixed length control field | 240429s9999||||xx |||||||||||||| ||und|| |
| 041 ## - LANGUAGE CODE | |
| Language code of text/sound track or separate title | eng |
| 082 ## - DEWEY DECIMAL CLASSIFICATION NUMBER | |
| Classification number | PM/PSA/15 |
| 100 ## - MAIN ENTRY--PERSONAL NAME | |
| Personal name | Parliament of Ghana |
| 245 #0 - TITLE STATEMENT | |
| Title | Memorandum To Parliament On The African Charter On The Values And Principles Of Public Service And Administration Submitted By Hon. Alhassan Azong (MP),Minister Of State At The Presidency Responsible For Public Sector Reform Secretariat,2015 |
| 300 ## - PHYSICAL DESCRIPTION | |
| Extent | 4p |
| 650 ## - SUBJECT ADDED ENTRY--TOPICAL TERM | |
| Topical term or geographic name entry element | Memorandum To Parliament - On The African Charter On The Values And Principles Of Public Service And Administration - Public Service And Administration Submitted By Hon. Alhassan Azong (MP), - Minister Of State At The Presidency Responsible For Public Sector Reform Secretariat,2015 |
| 942 ## - ADDED ENTRY ELEMENTS (KOHA) | |
| Koha item type | Memorandum |
| Withdrawn status | Lost status | Damaged status | Not for loan | Home library | Current library | Shelving location | Date acquired | Total checkouts | Full call number | Date last seen | Copy number | Price effective from | Koha item type |
|---|---|---|---|---|---|---|---|---|---|---|---|---|---|
| Main Library | Main Library | Open Shelves | 31/05/2023 | PM/PSA/15 6005 | 29/04/2024 | 1 | 29/04/2024 | Memorandum |